000 01251nam a22002897a 4500
001 9156
003 FISKH
005 20251126092324.0
008 251126b cb ||||| |||| 00| 0 eng d
020 _a9780194789189
040 _aFISKH
_beng
_cFISKH
_dFISKH
050 _aPE1126.A4 A44
082 _a428
100 _aAkinyemi, Rowena
_eAuthor
245 _aRemember Miranda /
_cRowena Akinyemi
260 _aNew York :
_bOxford University Press ,
_c1996
300 _a56 pages :
_billustrations ;
_c20 cm
490 _aOxford Bookworms
505 _aG
520 _aCathy Wilson is driving to Norfolk, to begin her new job with the Harvey family. She is going to look after the two young children, Tim and Susan. Cathy meets the children's father, and their grandmother, and their aunt. She meets Nick, the farmer who lives across the fields. But she doesn't meet Miranda, the children's mother, because Miranda is dead. She died two years ago, and Cathy cannot learn anything about her. Everybody remembers Miranda, but nobody wants to talk about her .. .
521 8 _a390
_bLexile
521 8 _aG
_bRaz-Plus
650 _aOxford University Press
_vReaders
650 _aMystery
_vMiranda
942 _2ddc
_cBK
_n0
999 _c9156
_d9156